00605nam a2200181Ia 4500008004100000082001100041100001300052245004200065250000800107260002900115300001300144500002400157650001200181942000700193952010300200952010300303999001700406230524s9999 xx 000 0 und d a5bPOH aIra Pohl 0aObject Oriented Programming using C++ a2ND aNEW DELHIbPearsonc2003 aXVII;521 aQuantity Number: 2 aComp-Sc cBK 00104070aTATCLbTATCLcGENd2023-05-24l0o005 POHp16024r2023-05-24w2023-05-24yBKzBCSE3303 00104070aTATCLbTATCLcGENd2023-05-24l0o005 POHp19482r2023-05-24w2023-05-24yBKzBCSE3303 c36723d36723